| 000 | 00759nam a2200253 a 4500 | ||
|---|---|---|---|
| 001 | BRL_271 | ||
| 005 | 20190320210650.0 | ||
| 008 | 170713s1959----nyuo######---#000-0#eng-# | ||
| 041 | _aeng | ||
| 044 | _anyu | ||
| 050 | 4 |
_aND25 _b.T37 26 1959 |
|
| 100 | 1 |
_aVenturi, Lionello _d1885-1961 _923423 |
|
| 245 | 1 | 0 |
_aRouault _bbiographical and critical stud _cBy Lionello Venturi ; Translated from the by James Emmons. |
| 260 |
_aNew York _bSkira _c1959 |
||
| 300 |
_a141 p. _bil. _c19 cm. |
||
| 440 | 0 |
_aThe taste of our time _v26 _920301 |
|
| 500 | _aAu721 | ||
| 500 | _aIncluye índice de nombres | ||
| 504 | _aBibliografía: p. 127-130 | ||
| 600 | 1 | 4 |
_aRouault, Georges _d1871-1958 _916570 |
| 700 | 1 |
_aEmmons, James _923424 |
|
| 902 | _aGRL | ||
| 942 |
_2lcc _cB |
||
| 999 |
_c9084 _d9084 |
||